| 000 | 03735cam a22004695i 4500 | ||
|---|---|---|---|
| 999 |
_c113253 _d113253 |
||
| 001 | 20906094 | ||
| 003 | OSt | ||
| 005 | 20200907145223.0 | ||
| 008 | 190222s2019 ii 001 0 eng d | ||
| 010 | _a 2019315464 | ||
| 020 |
_a 9788171773459 _q(hardback) |
||
| 020 | _a8171773451 | ||
| 025 | _aI-E-2019315464; 74-90 | ||
| 035 | _a(DLC)20905879 | ||
| 035 | _a(DLC)2019315464 | ||
| 035 | _a(OCoLC)on1088350640 | ||
| 035 | _a(OCoLC)1088350640 | ||
| 037 | _bLibrary of Congress -- New Delhi Overseas Office | ||
| 040 |
_aDKAGE _beng _erda _cDKAGE _dOCLCO _dDLC |
||
| 042 |
_alccopycat _alcode |
||
| 043 | _aa-ii--- | ||
| 050 | 4 |
_aKNS479 _b.R39 2019 |
|
| 082 | 0 | 4 |
_a347 _223 _bMIT |
| 100 | 1 |
_aRay, Sukumar _c(Judge), _eauthor. |
|
| 245 | 1 | 0 | _aMitra's civil reference. |
| 250 |
_aFifth edition / _bby Sukumar Ray. |
||
| 264 | 1 |
_aKolkata : _bEastern Law House, _c2019. |
|
| 300 |
_a10, 1718 pages ; _c25 cm |
||
| 336 |
_atext _btxt _2rdacontent |
||
| 337 |
_aunmediated _bn _2rdamedia |
||
| 338 |
_avolume _bnc _2rdacarrier |
||
| 500 | _a"A virtual encyclopaedia on civil laws"--Cover jacket. | ||
| 500 | _a"All comprehensive in a single volume"--Cover jacket. | ||
| 500 | _aIncludes index. | ||
| 505 | _aContents 1 Interpretation of Statutes and Deeds 2 Accident Claims 3 Administrative Law 4 Adverse Possession 5 Advocates Act 1961 6 Arbitration and Conciliation Act 1996 7 Banker and Customer 8 Benami Transactions (Prohibition) Act 1988 9 Bengal, Agra and Assam Civil courts Act 1887 10 Carriage by Air Act 1972 11 Carriage of Goods by Sea Act 1925 12 Carriers Act 1865 13 Charitable Endowments Act 1890 14 Cinematograph Act 1952 15 Citizenship Act 1955 16 Clinical Establishments (Registration and Regulation) Act 2010 17 Code of Civil Procedure 1908 18 Constitution of India 19 Consumer Protection Act 1986 20 Contempt of courts Act 1971 21 Indian Contract Act 1872 22 Dissolution of Muslim Marriage Act 1939 23 Divorce Act 1869 24 Easements Act 1882 25 Electricity Act 2003 26 Environment Protection 27 Indian Evidence Act 1872 28 Family Courts Act 1984 29 Food Safety and Standards Act 2006 30 General clauses Act 1897 31 Guardians and Wards Act 1890 32 Hindu Adoptions and Maintenance Act 1956 33 Hindu Marriage Act 1955 34 Hindu Minority and Guardianship Act 1956 35 Hindu Succession Act 1956 36 Indian Succession Act 1925 37 Hire Purchase Act 1972 38 Insurance Act 1938 39 Land Acquisition Act 1894 40 Right to Fair Compensation and Transparency in Land Acquisition, Rehabilitation and Resettlement Act 2013 41 Legal Services Authorities Act 1987 42 Limitation Act 1963 43 Maintenance and Welfare of Parents and Senior Citizens Act 2007 44 Mental Health Act 1987 45 Mental Health Care Act 2017 46 Muslim Women (Protection of Rights on Divorce) Act 1986 47 Partition 48 Partition Act 1893 49 Indian Partnership Act 1932 50 Prohibition of Child Marriage Act 2006 51 Provincial Small Cause Courts Act 1887 52 Public Premises (Eviction of Unauthorised Occupants) Act 1971 53 Railways Act 1989 54 Registration Act 1908 55 Sale of Goods Act 1930 56 Special Marriage Act 1954 57 Specific Relief Act 1963 58 Torts 59 Transfer of Property Act 1882 60 Indian Trusts Act 1882 61 Waqf Act 1995 | ||
| 650 | 0 |
_aCivil law _zIndia. |
|
| 700 | 1 | 2 |
_aMitra, Shambhudas. _tCivil reference. |
| 710 | 1 |
_aIndia. _tLaws, etc. |
|
| 906 |
_a7 _bpar _ccopycat _d3 _encip _f20 _gy-gencatlg |
||
| 942 |
_2ddc _cBK |
||